[Event "Condom op 19th"]
[Site "Condom"]
[Date "2022.07.15"]
[Round "8"]
[White "Villeneuve, Samuel"]
[Black "Beaurain, Louis"]
[Result "1-0"]
[WhiteElo "1855"]
[BlackElo "1537"]
[PlyCount "53"]
[EventDate "2022.07.09"]
[EventType "swiss"]
[EventRounds "9"]
[EventCountry "FRA"]
[SourceTitle "CBM 209 Extra"]
[Source "ChessBase"]
[SourceDate "2022.09.30"]
[SourceVersion "1"]
[SourceVersionDate "2022.09.30"]
[SourceQuality "1"]

1. d4 d5 2. Bf4 e6 3. e3 Bd6 4. Bg3 Nf6 5. Nd2 0-0 6. Bd3 b6 7. e4 dxe4 8. Nxe4 Nxe4 9. Bxe4 c6 10. Nf3 Ba6 11. Bh4 Be7 12. Bxe7 Qxe7 13. Qd2 f5 14. Bd3 Bxd3 15. Qxd3 Rd8 16. Ne5 c5 17. Qf3 Qc7 18. Qxa8 cxd4 19. f4 Qxc2 20. 0-0 d3 21. Qxa7 Qxb2 22. Qf7+ Kh8 23. Qxe6 Rf8 24. Nf7+ Kg8 25. Nh6+ Kh8 26. Qg8+ Rxg8 27. Nf7# 1-0

[Event "FRA-ch Blitz Online Qual"]
[Site "Europe Echecs INT"]
[Date "2020.05.16"]
[Round "14"]
[White "Villeneuve, Samuel"]
[Black "Ferey, Antonin"]
[Result "1-0"]
[WhiteElo "1807"]
[BlackElo "2138"]
[PlyCount "105"]
[EventDate "2020.05.16"]
[EventType "swiss (blitz)"]
[EventRounds "15"]
[EventCountry "FRA"]
[SourceTitle "CBM 196 Extra"]
[Source "ChessBase"]
[SourceDate "2020.07.31"]
[SourceVersion "1"]
[SourceVersionDate "2020.07.31"]
[SourceQuality "1"]

1. d4 Nf6 2. Nc3 d5 3. Bf4 e6 4. e3 Be7 5. Bd3 0-0 6. Nf3 a6 7. Ne5 c5 8. dxc5 Bxc5 9. Qf3 Nc6 10. Nxc6 bxc6 11. Bg5 Be7 12. 0-0 Rb8 13. Rab1 c5 14. b3 Bb7 15. Qg3 Qd6 16. Bf4 Qd8 17. Bxb8 Qxb8 18. Qxb8 Rxb8 19. Rfe1 Bd8 20. e4 Ba5 21. b4 Bxb4 22. Rb3 d4 23. Reb1 dxc3 24. a3 a5 25. axb4 cxb4 26. f3 Nd7 27. Ra1 Nc5 28. Rxa5 Nxb3 29. cxb3 Bc6 30. Kf2 Kf8 31. Ke2 Ke7 32. Ra7+ Rb7 33. Ra6 Kd7 34. Kd1 Kc7 35. Kc2 Bb5 36. Ra5 Bxd3+ 37. Kxd3 Kb6 38. Ra4 Kc5 39. Kc2 Rd7 40. Ra5+ Kb6 41. Ra4 Rd2+ 42. Kc1 Kb5 43. Ra7 Rxg2 44. Rxf7 Kc5 45. f4 Kd4 46. f5 exf5 47. exf5 c2 48. Kb2 Ke5 49. Rb7 Kxf5 50. Rxb4 Rxh2 51. Rc4 g5 52. b4 g4 53. Rc5+ 1-0

[Event "FRA-ch U16"]
[Site "Aix les Bains"]
[Date "2009.04.19"]
[Round "1"]
[White "Chauvet, Vincent"]
[Black "Villeneuve, Samuel"]
[Result "1-0"]
[WhiteElo "1810"]
[BlackElo "2040"]
[PlyCount "67"]
[EventDate "2009.04.19"]
[EventType "swiss"]
[EventRounds "9"]
[EventCountry "FRA"]
[SourceTitle "CBM 130 Extra"]
[Source "ChessBase"]
[SourceDate "2009.07.02"]
[SourceVersion "2"]
[SourceVersionDate "2009.07.15"]
[SourceQuality "1"]

1. e4 c5 2. Nf3 d6 3. d4 cxd4 4. Nxd4 Nf6 5. Nc3 g6 6. Be2 Bg7 7. Be3 0-0 8. 0-0 Nc6 9. Qd2 Bd7 10. Kh1 Rc8 11. f4 a6 12. a3 Nxd4 13. Bxd4 Rxc3 14. bxc3 Nxe4 15. Qe3 f5 16. Rab1 Qc7 17. c4 Bxd4 18. Qxd4 Qc5 19. Qxc5 Nxc5 20. Bf3 Rb8 21. Rfe1 Be6 22. Rxe6 Nxe6 23. Bd5 Kg7 24. Bxe6 b6 25. h3 Kf6 26. Re1 Rb7 27. Bd5 Rc7 28. Re6+ Kg7 29. a4 h5 30. g3 Kh6 31. Kg2 Kg7 32. Kf3 Kh6 33. g4 fxg4+ 34. hxg4 1-0